| 000 | 00777nam a2200229Ia 4500 | ||
|---|---|---|---|
| 005 | 20241129111435.0 | ||
| 008 | 241129s9999||||xx |||||||||||||| ||und|| | ||
| 020 | _a978-93-83237-77-7 | ||
| 037 | _aTB | ||
| 040 |
_aCRL _bhin _cCRL |
||
| 041 |
_ahin _2hin |
||
| 084 |
_aO152,1N427x Q5 _qCRL |
||
| 100 | _aसिन्हा, मृदुला, ले. | ||
| 245 | 0 |
_aमुझे कुछ कहना है _cसिन्हा, मृदुला, ले. |
|
| 260 |
_aनई दिल्ली, भारत _bयश पबिलकेशंस _c2015 |
||
| 300 | _a100पृ0 | ||
| 365 |
_aINR _b395 |
||
| 546 | _aTranslated from English to Hindi | ||
| 650 | _aHindi literaturePoetry | ||
| 942 |
_cTB _hO152,1N427x Q5 |
||
| 999 |
_c1230478 _d1230478 |
||